| 000 | 00625nam a2200217 a 4500 | ||
|---|---|---|---|
| 005 | 20140310183245.0 | ||
| 008 | 040817s19uu xx 00 eng d | ||
| 020 | _a0761949445 | ||
| 050 |
_aHF 5549.5.M3 _b.G737 2003 |
||
| 100 | _aGrieves, Jim | ||
| 245 |
_aStrategic human resource development / _cJim Grieves |
||
| 260 |
_aLondon : _bSage Publication, _c2003. |
||
| 300 |
_a210 p. : _bill. ; _c25 cm. |
||
| 500 | _aIncludes bibliography and index. | ||
| 521 | _aBSBA | ||
| 650 | _aManpower planning. | ||
| 650 | _aOrganizational change. | ||
| 650 | _aEmployees training. | ||
| 942 |
_cBK _2lcc _kFOR |
||
| 999 |
_c20667 _d20667 |
||